Statistics for Polo G - ALL SONGS

Click here to take the quiz!

General Stats

  • This quiz has been taken 472 times
    (462 since last reset)
  • The average score is 22 of 36

Answer Stats

Answers% Correct
21
89%
Pop Out
87%
33
83%
Martin and Gina
83%
Flex
77%
Heartless
77%
Through Da Storm
71%
Finer Things
69%
Go Stupid
69%
I know
69%
Be something
68%
Wishing for a hero
68%
Chinatown
67%
Chosen 1
67%
Dyin Breed
66%
DND
64%
Pop Out Again
63%
Effortless
62%
Beautiful Pain
60%
Dont Believe the Hype
59%
Relentless
59%
Trials and Tribulations
59%
Battle Cry
58%
Deep Wounds
58%
Lost Files
58%
BST
57%
Neva Cared
55%
Picture This
54%
A Kings Nightmare
53%
Last Strike
52%
No matter what
52%
Gang With Me
48%
Hollywood
47%
First Place
45%
The Come Up
36%
All She Wants
24%

Score Distribution

Percentile by Number Answered

Percent of People with Each Score

Your Score History

You have not taken this quiz since the last reset